<?xml version="1.0" encoding="UTF-8"?>
<record
    xmlns:xsi="http://www.w3.org/2001/XMLSchema-instance"
    xsi:schemaLocation="http://www.loc.gov/MARC21/slim http://www.loc.gov/standards/marcxml/schema/MARC21slim.xsd"
    xmlns="http://www.loc.gov/MARC21/slim">

  <leader>00301    a2200121   4500</leader>
  <controlfield tag="005">20250628171012.0</controlfield>
  <datafield tag="020" ind1=" " ind2=" ">
    <subfield code="a">9781847106360</subfield>
  </datafield>
  <datafield tag="100" ind1=" " ind2=" ">
    <subfield code="a">ACCA</subfield>
  </datafield>
  <datafield tag="245" ind1=" " ind2=" ">
    <subfield code="a">Maintaining Financial Records</subfield>
  </datafield>
  <datafield tag="260" ind1=" " ind2=" ">
    <subfield code="a">Berkshire</subfield>
    <subfield code="b">Kaplan Publishing</subfield>
    <subfield code="c">2008</subfield>
  </datafield>
  <datafield tag="300" ind1=" " ind2=" ">
    <subfield code="a">xiv, 298p.: ill; tables</subfield>
    <subfield code="c">26cm</subfield>
  </datafield>
  <datafield tag="942" ind1=" " ind2=" ">
    <subfield code="2">ddc</subfield>
    <subfield code="c">BKS</subfield>
  </datafield>
  <datafield tag="999" ind1=" " ind2=" ">
    <subfield code="c">6133</subfield>
    <subfield code="d">6133</subfield>
  </datafield>
  <datafield tag="952" ind1=" " ind2=" ">
    <subfield code="r">2025-06-28 17:12:24</subfield>
    <subfield code="l">0</subfield>
    <subfield code="o">657 ACC</subfield>
    <subfield code="p">MBY000995</subfield>
    <subfield code="v">90000.00</subfield>
    <subfield code="w">2025-06-28</subfield>
    <subfield code="y">BKS</subfield>
    <subfield code="1">0</subfield>
    <subfield code="2">ddc</subfield>
    <subfield code="4">0</subfield>
    <subfield code="7">0</subfield>
    <subfield code="0">0</subfield>
    <subfield code="a">002</subfield>
    <subfield code="b">002</subfield>
    <subfield code="c">GEN</subfield>
    <subfield code="d">2025-06-28</subfield>
    <subfield code="e">DONATION</subfield>
    <subfield code="g">30000.00</subfield>
  </datafield>
  <datafield tag="952" ind1=" " ind2=" ">
    <subfield code="r">2025-06-28 17:12:24</subfield>
    <subfield code="l">0</subfield>
    <subfield code="o">657 ACC</subfield>
    <subfield code="p">MBY000996</subfield>
    <subfield code="v">90000.00</subfield>
    <subfield code="w">2025-06-28</subfield>
    <subfield code="y">BKS</subfield>
    <subfield code="1">0</subfield>
    <subfield code="2">ddc</subfield>
    <subfield code="4">0</subfield>
    <subfield code="7">0</subfield>
    <subfield code="0">0</subfield>
    <subfield code="a">002</subfield>
    <subfield code="b">002</subfield>
    <subfield code="c">GEN</subfield>
    <subfield code="d">2025-06-28</subfield>
    <subfield code="e">DONATION</subfield>
    <subfield code="g">30000.00</subfield>
  </datafield>
  <datafield tag="952" ind1=" " ind2=" ">
    <subfield code="r">2025-06-28 17:12:24</subfield>
    <subfield code="l">0</subfield>
    <subfield code="o">657 ACC</subfield>
    <subfield code="p">MBY000997</subfield>
    <subfield code="v">90000.00</subfield>
    <subfield code="w">2025-06-28</subfield>
    <subfield code="y">BKS</subfield>
    <subfield code="1">0</subfield>
    <subfield code="2">ddc</subfield>
    <subfield code="4">0</subfield>
    <subfield code="7">0</subfield>
    <subfield code="0">0</subfield>
    <subfield code="a">002</subfield>
    <subfield code="b">002</subfield>
    <subfield code="c">GEN</subfield>
    <subfield code="d">2025-06-28</subfield>
    <subfield code="e">DONATION</subfield>
    <subfield code="g">30000.00</subfield>
  </datafield>
  <datafield tag="952" ind1=" " ind2=" ">
    <subfield code="r">2025-06-28 17:12:24</subfield>
    <subfield code="l">0</subfield>
    <subfield code="o">657 ACC</subfield>
    <subfield code="p">MBY000998</subfield>
    <subfield code="v">90000.00</subfield>
    <subfield code="w">2025-06-28</subfield>
    <subfield code="y">BKS</subfield>
    <subfield code="1">0</subfield>
    <subfield code="2">ddc</subfield>
    <subfield code="4">0</subfield>
    <subfield code="7">0</subfield>
    <subfield code="0">0</subfield>
    <subfield code="a">002</subfield>
    <subfield code="b">002</subfield>
    <subfield code="c">GEN</subfield>
    <subfield code="d">2025-06-28</subfield>
    <subfield code="e">DONATION</subfield>
    <subfield code="g">30000.00</subfield>
  </datafield>
  <datafield tag="952" ind1=" " ind2=" ">
    <subfield code="r">2025-06-28 18:23:42</subfield>
    <subfield code="l">0</subfield>
    <subfield code="o">657 ACC</subfield>
    <subfield code="p">MBY000949</subfield>
    <subfield code="v">90000.00</subfield>
    <subfield code="w">2025-06-28</subfield>
    <subfield code="y">BKS</subfield>
    <subfield code="1">0</subfield>
    <subfield code="2">ddc</subfield>
    <subfield code="4">0</subfield>
    <subfield code="7">0</subfield>
    <subfield code="0">0</subfield>
    <subfield code="a">002</subfield>
    <subfield code="b">002</subfield>
    <subfield code="c">GEN</subfield>
    <subfield code="d">2025-06-28</subfield>
    <subfield code="e">DONATION</subfield>
    <subfield code="g">30000.00</subfield>
  </datafield>
</record>
